LEADER 01172nam0-2200373li-450 001 990000261910203316 005 20180312154819.0 010 $a0-201-52375-2 035 $a0026191 035 $aUSA010026191 035 $a(ALEPH)000026191USA01 035 $a0026191 100 $a20001109d1989----km-y0itay0103----ba 101 0 $aeng 102 $aUS 200 1 $aObject-oriented programming in Turbo Pascal 5.5$fBen Ezzel 210 $aReading (Mass.)$cAddison-Wesley$dcopyr. 1989 215 $aXVII, 375 p.$cill.$d24 cm 610 1 $alinguaggio pascal 610 1 $aprogramma turbo pascal 610 1 $aprogrammazione oggetto-orientata 676 $a0051$9Programmazione. Tecnica di sviluppo dei programmi 700 1$aEzzel,$bBen$0745852 801 $aSistema bibliotecario di Ateneo dell' Università di Salerno$gRICA 912 $a990000261910203316 951 $a005.1 EZZ (A)$b0012577 959 $aBK 969 $aSCI 979 $c19901211 979 $c20001110$lUSA01$h1715 979 $c20020403$lUSA01$h1634 979 $aPATRY$b90$c20040406$lUSA01$h1619 996 $aObject-oriented programming in Turbo Pascal 5.5$91487914 997 $aUNISA LEADER 01372nas 2200421-a 450 001 996216097503316 005 20240413013726.0 011 $a2047-4458 035 $a(CKB)1000000000311228 035 $a(CONSER)--2005248265 035 $a(DE-599)ZDB2037284-X 035 $a(EXLCZ)991000000000311228 100 $a20051118a20059999 --- - 101 0 $aeng 181 $ctxt$2rdacontent 182 $cc$2rdamedia 183 $acr$2rdacarrier 200 00$aCountry report$iBurkina Faso 210 $aLondon $cEconomist Intelligence Unit$dc2005- 215 $a1 online resource 311 $aPrint version: Country report. (DLC) 2005248265 (OCoLC)62301334 1748-9636 517 3 $aBurkina Faso 531 $aCOUNTRY REPORT 531 $aCOUNTRY REPORT. BURKINA FAS 606 $aEconomic history$2fast$3(OCoLC)fst00901974 606 $aPolitics and government$2fast$3(OCoLC)fst01919741 607 $aBurkina Faso$xEconomic conditions$vPeriodicals 607 $aBurkina Faso$xPolitics and government$vPeriodicals 607 $aBurkina Faso$2fast 608 $aPeriodicals.$2fast 615 7$aEconomic history. 615 7$aPolitics and government 712 02$aEconomist Intelligence Unit (Great Britain) 906 $aJOURNAL 912 $a996216097503316 920 $aexl_impl conversion 996 $aCountry Report$91321002 997 $aUNISA